000 01471cam a22003977a 4500
003 CHAP
005 20220329140902.0
008 971013s1953 r 00010 d
010 _a59288
011 _a60260
035 _a64420
040 _cCHAP
082 _a633.895
_bP84
100 0 0 _aPuente Cerda, Manuel.
_992895
245 1 0 _aDiversas experiencias encaminadas a mejorar el cultivo del hule Hevea en México, llevadas a cabo en el Campo Agrícola Experimental de hule "El Palmar" municipio de Zongolica, Ver.
260 _aMéxico :
_bInstituto de Investigaciones Agrícolas,
_c1953
300 _a70 p.
_b: ilus.
410 _aINIA
490 0 _aBoletín
_v; 1
590 _aBATCH-UPD
_b10
_c20130110
_lUCH01
_h0503
590 _aBATCH-UPD
_b10
_c20130110
_lUCH01
_h2149
590 _aBATCH-UPD
_b10
_c20130410
_lUCH01
_h0141
590 _aBATCH-UPD
_b10
_c20130914
_lUCH01
_h0651
590 _aCONVERSION
_b10
_c20130109
_lUCH01
_h1332
650 1 4 _aCaucho.
_920537
650 1 4 _aHevea.
_955088
700 0 _aVergara Castillo, Angel.
_9118881
810 0 0 _aINIA
_958414
830 0 _aBoletín
_v; 1
_913507
901 _aBK
942 _cLIBRO
949 _a633.895 P84
_bBC
_cBPP
_d-140223
_eBPP
_h22893
_i64420
_si
949 _a633.895 P84
_bBC
_cLIBRO
_d33724000200952
_eLIBRO
_fc.2
_h22894
_i64420
_si
949 _a633.895 P84
_bBC
_cLIBRO
_d33724000200960
_eLIBRO
_fc.3
_h32262
_i64420
_si
949 _a633.895 P84
_bBC
_cLIBRO
_d33724000583159
_eLIBRO
_fc.4
_h32781
_i64420
_si
999 _c59288
_d59288